[Event "ch-FRA Blitz Online Qual"]
[Site "Europe-Chess INT"]
[Date "2020.05.16"]
[Round "15"]
[White "Arnaudov, G. Petar"]
[Black "Ternault, Mathieu"]
[Result "0-1"]
[WhiteTitle "GM"]
[BlackTitle "FM"]
[WhiteElo "2471"]
[BlackElo "2363"]
[WhiteFideId "2907127"]
[BlackFideId "20641532"]
[EventDate "2020.05.16"]

1. d4 Nc6 2. d5 Ne5 3. c4 e6 4. Nc3 Nf6 5. a3 a5 6. g3 Bc5 7. e3 O-O 8. f4 Neg4
9. Qf3 exd5 10. cxd5 Re8 11. Nd1 Qe7 12. Ne2 d6 13. Bg2 Bf5 14. Nec3 Nxe3 15.
Nxe3 Bxe3 16. Bxe3 Qxe3+ 17. Qxe3 Rxe3+ 18. Kf1 Rae8 19. Rd1 Bd3+ 20. Kg1 Ng4
21. h3 Re1+ 22. Bf1 Rxd1 23. Nxd1 Re1 24. hxg4 Rxd1 25. Kf2 Rxf1+ 26. Rxf1 Bxf1
27. Kxf1 Kf8 28. Ke2 Ke7 29. Kd3 Kd7 30. Kc4 c6 31. dxc6+ bxc6 32. b4 axb4 33.
axb4 Kc7 34. g5 g6 35. g4 Kb6 36. f5 Kc7 37. Kd4 Kb6 38. Kc4 d5+ 39. Kd4 Kb5 40.
Ke5 Kxb4 41. Kf6 d4 42. Kxf7 d3 43. f6 d2 44. Kg7 d1=Q 45. f7 Qd7 46. Kg8 Qe6
47. Kg7 Qe7 48. Kg8 c5 49. f8=Q Qxf8+ 50. Kxf8 c4 51. Kg7 c3 52. Kxh7 c2 53.
Kxg6 c1=Q 54. Kh7 Qxg5 55. Kh8 Qxg4 0-1

[Event "ch-FRA Blitz Online Qual"]
[Site "Europe-Chess INT"]
[Date "2020.05.16"]
[Round "15"]
[White "Loiseau, Quentin"]
[Black "Polivanov, Anatoliy"]
[Result "0-1"]
[WhiteTitle "IM"]
[BlackTitle "IM"]
[WhiteElo "2457"]
[BlackElo "2452"]
[WhiteFideId "665274"]
[BlackFideId "14109468"]
[EventDate "2020.05.16"]

1. d4 e6 2. c4 f5 3. g3 Nf6 4. Bg2 g6 5. Nc3 Bg7 6. e3 O-O 7. Nge2 d6 8. b3 e5
9. dxe5 dxe5 10. Ba3 Qxd1+ 11. Rxd1 Re8 12. O-O c6 13. Rd2 Nbd7 14. Rfd1 Bf8 15.
Bb2 Nc5 16. Rd8 Bd7 17. Rxa8 Rxa8 18. h3 a5 19. Na4 Re8 20. Nb6 Kf7 21. Bc3 Bc8
22. Bxa5 e4 23. Bc3 Nd3 24. Nc1 Nxc1 25. Rxc1 Be6 26. a4 Bc5 27. a5 Rd8 28. Na4
Ba3 29. Ra1 Be7 30. Bf1 g5 31. Be2 f4 32. exf4 gxf4 33. gxf4 Bxh3 34. Kh2 Bf5
35. Rg1 h5 36. Kg2 Rg8+ 37. Kf1 Bh3+ 0-1

[Event "ch-FRA Blitz Online Qual"]
[Site "Europe-Chess INT"]
[Date "2020.05.16"]
[Round "15"]
[White "Valles Moreno, Ivan"]
[Black "Eden, James"]
[Result "1-0"]
[WhiteTitle "IM"]
[BlackTitle "IM"]
[WhiteElo "2417"]
[BlackElo "2330"]
[WhiteFideId "2205688"]
[BlackFideId "666491"]
[EventDate "2020.05.16"]

1. Nf3 f5 2. b4 Nf6 3. Bb2 e6 4. a3 Be7 5. g3 O-O 6. Bg2 d6 7. d4 Nbd7 8. O-O
Ne4 9. Nfd2 Ndf6 10. Nb3 b6 11. c4 Bb7 12. a4 a5 13. b5 Qe8 14. e3 g5 15. f3
Nxg3 16. hxg3 g4 17. f4 Bxg2 18. Kxg2 h5 19. Rh1 Kg7 20. N1d2 Rh8 21. d5 e5 22.
Qc2 exf4 23. exf4 Qg6 24. Rae1 Rae8 25. Nd4 h4 26. Qxf5 hxg3 27. Rxh8 1-0

[Event "ch-FRA Blitz Online Qual"]
[Site "Europe-Chess INT"]
[Date "2020.05.16"]
[Round "15"]
[White "Villegas, Pierre"]
[Black "Derige Kane, Yan"]
[Result "1-0"]
[WhiteTitle "IM"]
[WhiteElo "2364"]
[BlackElo "2236"]
[WhiteFideId "654183"]
[BlackFideId "20665431"]
[EventDate "2020.05.16"]

1. c4 Nf6 2. g3 e6 3. Bg2 d5 4. Nf3 Be7 5. O-O O-O 6. b3 c5 7. Bb2 Nc6 8. e3 b6
9. cxd5 exd5 10. d4 Bb7 11. dxc5 bxc5 12. Nc3 Ba6 13. Re1 Nb4 14. Bf1 Bxf1 15.
Rxf1 Qd7 16. Ne5 Qe6 17. Nd3 Nxd3 18. Qxd3 Qh3 19. f3 Rfd8 20. Rad1 d4 21. exd4
Rxd4 22. Qe2 Bf8 23. Na4 Re8 24. Qf2 Rxd1 25. Rxd1 h5 26. Bxf6 gxf6 27. Nb2 Bh6
28. Nc4 h4 29. Re1 Rd8 30. Qg2 Qxg2+ 31. Kxg2 hxg3 32. hxg3 f5 33. Re7 a5 34.
Ra7 Bd2 35. Kf2 Bc3 36. Ke2 f4 37. gxf4 Kg7 38. Nxa5 Rd2+ 39. Ke3 Rxa2 40. Nc6
Bd4+ 41. Ke4 Rxa7 42. Nxa7 Bg1 43. Nc6 Kf6 44. Ne5 Ke6 45. Nd3 Kf6 46. Kd5 Kf5
47. Nxc5 Kxf4 48. b4 Kxf3 49. b5 Bh2 50. b6 Bb8 51. Kc6 f5 52. Na6 Be5 53. b7 f4
54. Nc7 Bxc7 55. Kxc7 Kg2 56. b8=Q f3 57. Qg8+ Kf1 58. Qc4+ Kg2 59. Qg4+ Kf2 60.
Kd6 Ke3 61. Qg3 Ke2 62. Qe5+ Kf1 63. Qb5+ Kg1 64. Qb1+ Kg2 65. Qg6+ Kf1 66. Qd3+
Kg2 67. Qe4 Kg3 68. Qg6+ Kh2 69. Qh5+ Kg2 70. Qg4+ Kf2 71. Ke5 Ke3 72. Qe4+ Kf2
73. Kf4 Kg1 74. Qxf3 Kh2 75. Qf2+ Kh1 76. Qe2 Kg1 77. Kg3 Kh1 78. Qe1# 1-0

[Event "ch-FRA Blitz Online Qual"]
[Site "Europe-Chess INT"]
[Date "2020.05.16"]
[Round "15"]
[White "Nizard, Roger"]
[Black "Philippe, Guillaume"]
[Result "0-1"]
[BlackTitle "IM"]
[WhiteElo "2144"]
[BlackElo "2354"]
[WhiteFideId "604569"]
[BlackFideId "36048763"]
[EventDate "2020.05.16"]

1. d4 Nf6 2. Bg5 e6 3. e4 h6 4. Bxf6 Qxf6 5. c3 d6 6. Nd2 e5 7. Ngf3 g6 8. Qa4+
Bd7 9. Qb3 b6 10. d5 Bg7 11. Bb5 O-O 12. Bxd7 Nxd7 13. O-O Qe7 14. Ne1 f5 15. f3
h5 16. Qc2 Bh6 17. b4 a5 18. bxa5 Rxa5 19. Nb3 Ra3 20. Nd3 Be3+ 21. Kh1 f4 22.
Qb2 Rfa8 23. Nb4 Qh4 24. Nc2 R3a4 25. Nxe3 fxe3 26. Rfe1 Qf4 27. Qe2 Ra3 28. g3
Qg5 29. Kg2 h4 30. Qxe3 Qxe3 31. Rxe3 Rxb3 32. gxh4 Rb2+ 33. Kh3 Raxa2 34. Rh1
Nf6 35. c4 Nh5 36. Kg4 Rg2+ 37. Kh3 Nf4# 0-1

[Event "ch-FRA Blitz Online Qual"]
[Site "Europe-Chess INT"]
[Date "2020.05.16"]
[Round "15"]
[White "Samoun, Florent"]
[Black "Okhotnik, Vladimir"]
[Result "1-0"]
[WhiteTitle "FM"]
[BlackTitle "GM"]
[WhiteElo "2299"]
[BlackElo "2359"]
[WhiteFideId "664995"]
[BlackFideId "14101289"]
[EventDate "2020.05.16"]

1. g4 g6 2. Bg2 Bg7 3. d4 c5 4. c3 d6 5. g5 Nd7 6. Nf3 cxd4 7. cxd4 Nb6 8. Nc3
e6 9. h4 h5 10. gxh6 Nxh6 11. Bg5 Bf6 12. e3 Nf5 13. Qd3 Bd7 14. O-O-O Rc8 15.
Kb1 Nc4 16. Ne4 Bxg5 17. hxg5 Rf8 18. Nf6+ Ke7 19. e4 Qb6 20. b3 Ng7 21. Nxd7
Kxd7 22. Ne5+ dxe5 23. dxe5+ Kc7 24. Qxc4+ Kb8 25. Qd4 Qxd4 26. Rxd4 Nh5 27. Bf3
Rh8 28. Bxh5 gxh5 29. Rd7 Rc7 30. Rxc7 Kxc7 31. Kc2 h4 32. Kd3 h3 33. Ke3 h2 34.
f4 Rh3+ 35. Kf2 Kc6 36. Kg2 Re3 37. Rxh2 Rxe4 38. Kf3 Rd4 39. Rh7 Rd7 40. Kg4
Kd5 41. g6 Ke4 42. gxf7 Rd8 43. Kg5 b5 44. Kf6 Kxf4 45. Rg7 Rf8 46. Rg8 Rxf7+
47. Kxf7 Kxe5 48. Rg6 Kd4 49. Rxe6 a5 50. Ra6 a4 51. bxa4 b4 52. Rb6 Kc5 53.
Rb5+ Kc4 54. Rb8 Kc3 55. a5 Kb2 56. Rxb4+ Ka3 57. Rb7 1-0

[Event "ch-FRA Blitz Online Qual"]
[Site "Europe-Chess INT"]
[Date "2020.05.16"]
[Round "15"]
[White "Laurent-Paoli, Pierre"]
[Black "Hutois, Mickael"]
[Result "1-0"]
[WhiteTitle "FM"]
[BlackTitle "FM"]
[WhiteElo "2402"]
[BlackElo "2261"]
[WhiteFideId "26017962"]
[BlackFideId "652091"]
[EventDate "2020.05.16"]

1. d4 Nf6 2. c4 e6 3. Nf3 Bb4+ 4. Bd2 a5 5. a3 Be7 6. Nc3 O-O 7. e4 d6 8. Bd3
Nbd7 9. O-O e5 10. d5 Nc5 11. Bc2 b6 12. b4 axb4 13. axb4 Rxa1 14. Qxa1 Ncd7 15.
Qa7 Ne8 16. Nb5 g6 17. Bh6 Bf6 18. Bxf8 Kxf8 19. Qa8 Be7 20. Na7 Ba6 21. Qxd8
Bxd8 22. Bd3 Bb7 23. Ra1 Nb8 24. Bf1 Ke7 25. c5 bxc5 26. bxc5 dxc5 27. Nxe5 Nd6
28. f3 Kf8 29. Rb1 Na6 30. Rxb7 Nxb7 31. Bxa6 1-0

[Event "ch-FRA Blitz Online Qual"]
[Site "Europe-Chess INT"]
[Date "2020.05.16"]
[Round "15"]
[White "Buksa, Nataliya"]
[Black "Suarez Uriel, Adrian"]
[Result "0-1"]
[WhiteTitle "IM"]
[BlackTitle "IM"]
[WhiteElo "2410"]
[BlackElo "2340"]
[WhiteFideId "14123622"]
[BlackFideId "22230874"]
[EventDate "2020.05.16"]

1. d4 Nf6 2. Nc3 e6 3. e4 d5 4. e5 Nfd7 5. f4 c5 6. Nf3 Nc6 7. Be3 Be7 8. Qd2
O-O 9. dxc5 Nxc5 10. Nd4 Qb6 11. O-O-O Bd7 12. h4 Rfc8 13. h5 a5 14. f5 Nxe5 15.
fxe6 fxe6 16. h6 g6 17. Nb3 Nxb3+ 18. axb3 Bc5 19. Nxd5 exd5 20. Qxd5+ Be6 21.
Qxe5 Bxe3+ 22. Kb1 Rc7 23. Bd3 Bd4 24. Qe2 Bf7 25. Rh4 Re8 26. Qf3 Qf6 27. Rxd4
Qxd4 28. Bb5 Qc5 29. Bxe8 Qxc2+ 30. Ka1 Bxe8 31. Rd8 Qc1+ 32. Ka2 Re7 33. Qf6
Qc7 34. Rd4 Qe5 35. Qf2 a4 36. Qd2 axb3+ 37. Kxb3 Bf7+ 38. Kc2 Rc7+ 39. Kb1 Qf5+
40. Ka1 Qf1+ 41. Qd1 Qxd1+ 42. Rxd1 Kf8 43. Rd8+ Be8 44. Ka2 Ke7 45. Rb8 Bc6 46.
Rh8 Kf6 47. g3 Kg5 48. Rg8 Kxh6 49. Ka3 Kg5 50. Kb4 Kg4 51. Rd8 Kxg3 52. Rd3+
Kf4 53. Rd4+ Be4 54. Rd8 g5 55. Kb5 g4 56. Kb6 Rf7 57. Rg8 h5 0-1

[Event "ch-FRA Blitz Online Qual"]
[Site "Europe-Chess INT"]
[Date "2020.05.16"]
[Round "15"]
[White "Le Pen, Steven"]
[Black "Muller, Anthony"]
[Result "0-1"]
[WhiteElo "2141"]
[BlackElo "2278"]
[WhiteFideId "612197"]
[BlackFideId "20682743"]
[EventDate "2020.05.16"]

1. e4 e6 2. d4 d5 3. Nc3 Nf6 4. e5 Nfd7 5. Nce2 c5 6. c3 Nc6 7. Nf3 b5 8. g3 a5
9. Bg2 Ba6 10. O-O b4 11. Re1 Be7 12. Be3 Bxe2 13. Qxe2 c4 14. h4 h6 15. Bh3 a4
16. Kg2 a3 17. Bc1 axb2 18. Bxb2 bxc3 19. Bxc3 Nb6 20. Qc2 Na4 21. a3 O-O 22.
Nd2 Qb6 23. Reb1 Nxd4 24. Bxd4 Qxd4 25. Nf3 Qa7 26. Rb5 Rfb8 27. Rab1 Rxb5 28.
Rxb5 Nc5 29. Nd4 Qxa3 30. Nc6 Bf8 31. g4 Nd3 32. Kh2 Nf4 33. Bf1 Qf3 34. g5 hxg5
35. hxg5 Qh5+ 36. Kg3 Qxg5+ 37. Kf3 Ra3+ 0-1

[Event "ch-FRA Blitz Online Qual"]
[Site "Europe-Chess INT"]
[Date "2020.05.16"]
[Round "15"]
[White "Macon, Arthur"]
[Black "Mathieu, Phileas"]
[Result "0-1"]
[WhiteTitle "FM"]
[WhiteElo "2310"]
[BlackElo "2214"]
[WhiteFideId "20654707"]
[BlackFideId "36048410"]
[EventDate "2020.05.16"]

1. Nf3 c5 2. g3 Nc6 3. Bg2 g6 4. O-O Bg7 5. c4 e6 6. Nc3 Nge7 7. d3 O-O 8. Bg5
h6 9. Bd2 Kh7 10. a3 b6 11. Rb1 Bb7 12. b4 d6 13. e3 Qd7 14. Qe2 Nf5 15. Rfd1
Rad8 16. b5 Nce7 17. e4 Nd4 18. Nxd4 Bxd4 19. Rbc1 Rfe8 20. Be3 d5 21. cxd5 exd5
22. Nxd5 Nxd5 23. exd5 Bxd5 24. Qd2 Bxg2 25. Kxg2 Qxb5 26. Bxh6 Qc6+ 27. Kg1 Qf3
28. Re1 Bxf2+ 29. Qxf2 Qxf2+ 30. Kxf2 Kxh6 31. Rxe8 Rxe8 32. Rc4 Kg7 33. a4 f5
34. h4 Kf6 35. Kf3 Rd8 36. Ke3 Ke5 37. a5 Rd4 38. Rc3 Kd5 39. axb6 axb6 40. Rb3
Kc6 41. Ra3 Rg4 42. Kf3 b5 43. Ra6+ Kd5 44. Rf6 b4 45. h5 gxh5 46. Rxf5+ Kd4 47.
Rxh5 Rg7 48. Rf5 b3 49. Rh5 Kxd3 50. g4 c4 51. g5 b2 52. Rh1 Rxg5 0-1

[Event "ch-FRA Blitz Online Qual"]
[Site "Europe-Chess INT"]
[Date "2020.05.16"]
[Round "15"]
[White "Claverie, Christophe"]
[Black "Popov, Konstantin"]
[Result "1-0"]
[WhiteTitle "IM"]
[BlackTitle "FM"]
[WhiteElo "2304"]
[BlackElo "2366"]
[WhiteFideId "605514"]
[BlackFideId "34137910"]
[EventDate "2020.05.16"]

1. Nf3 d5 2. g3 c6 3. Bg2 Bg4 4. h3 Bh5 5. O-O Nd7 6. d3 Ngf6 7. Nbd2 e5 8. e4
Bd6 9. Qe2 O-O 10. b3 Re8 11. Bb2 a5 12. a3 Qc7 13. Rfe1 dxe4 14. dxe4 Nc5 15.
Qf1 b5 16. Nh4 Nfd7 17. Nf5 Bf8 18. Bf3 Bg6 19. Nh4 Rad8 20. Qe2 Ne6 21. Nf5 f6
22. h4 Bf7 23. Bg2 Ndc5 24. Nf1 Rd7 25. h5 Red8 26. Rad1 a4 27. b4 Na6 28. c3
Nb8 29. Bc1 Rxd1 30. Rxd1 Nd7 31. Bh3 Nb6 32. Re1 Nc4 33. Qg4 Kh8 34. Nh4 Ng5
35. Bxg5 fxg5 36. Qxg5 Nxa3 37. Ng6+ Kg8 38. Nxe5 Be7 39. Qf5 Rf8 40. Nxf7 Rxf7
41. Qe6 Nc4 42. Rd1 Bd6 43. f4 Qe7 44. e5 Bxe5 45. fxe5 Nxe5 46. Nd2 h6 47. Rf1
Kf8 48. Rxf7+ Nxf7 49. Qc8+ Qe8 50. Qc7 Qe3+ 51. Kh1 Qxd2 52. Qxc6 Qe1+ 53. Kh2
Qf2+ 54. Bg2 Qf6 55. Qxb5 Qe5 56. Qxa4 Qxh5+ 57. Kg1 Qe5 58. Qa8+ Ke7 59. Qb7+
Kf6 60. Qf3+ Ke7 61. Qd3 Nd6 62. c4 Qe1+ 63. Kh2 Qxb4 64. Qe3+ Kd8 65. c5 Ne8
66. Qd3+ Kc7 67. Qd5 Nf6 68. Qd6+ Kc8 69. Bh3+ Kb7 70. c6+ 1-0

[Event "ch-FRA Blitz Online Qual"]
[Site "Europe-Chess INT"]
[Date "2020.05.16"]
[Round "15"]
[White "Edouard, Romain"]
[Black "Janzelj, Lara"]
[Result "1-0"]
[WhiteTitle "GM"]
[BlackTitle "WIM"]
[WhiteElo "2649"]
[BlackElo "2210"]
[WhiteFideId "633429"]
[BlackFideId "14608391"]
[EventDate "2020.05.16"]

1. d4 d5 2. c4 dxc4 3. e4 e5 4. Nf3 Bb4+ 5. Nbd2 exd4 6. Bxc4 Ne7 7. Qb3 Bxd2+
8. Bxd2 O-O 9. Ng5 Qe8 10. h4 Nbc6 11. f4 Na5 12. Bxa5 1-0

[Event "ch-FRA Blitz Online Qual"]
[Site "Europe-Chess INT"]
[Date "2020.05.16"]
[Round "15"]
[White "Coutton, Sylvain"]
[Black "Kurmann, Oliver"]
[Result "0-1"]
[BlackTitle "IM"]
[WhiteElo "2185"]
[BlackElo "2430"]
[WhiteFideId "610194"]
[BlackFideId "1308173"]
[EventDate "2020.05.16"]

1. d4 Nf6 2. c4 e6 3. Nc3 Bb4 4. Qc2 O-O 5. a3 Bxc3+ 6. Qxc3 b6 7. Bg5 Bb7 8. e3
d6 9. Ne2 Nbd7 10. Qd3 Ba6 11. b4 d5 12. b5 dxc4 13. Qxc4 Bb7 14. Rc1 Rc8 15.
Qa4 Ra8 16. Nc3 h6 17. Bh4 Qc8 18. f3 a6 19. Qb3 Nd5 20. Bf2 Nxc3 21. Rxc3 axb5
22. Bxb5 c6 23. O-O Ra5 24. Bd3 Qa8 25. Rfc1 Qa7 26. e4 Ra8 27. Ra1 c5 28. dxc5
Nxc5 29. Bxc5 bxc5 30. Rb1 Ba6 31. Bxa6 Rxa6 32. Ra1 c4+ 0-1

[Event "ch-FRA Blitz Online Qual"]
[Site "Europe-Chess INT"]
[Date "2020.05.16"]
[Round "15"]
[White "Devallee, Jeremie"]
[Black "Travadon, Loic"]
[Result "1/2-1/2"]
[WhiteTitle "FM"]
[BlackTitle "IM"]
[WhiteElo "2230"]
[BlackElo "2431"]
[WhiteFideId "665240"]
[BlackFideId "26092131"]
[EventDate "2020.05.16"]

1. e4 e5 2. Nf3 d6 3. d4 exd4 4. Nxd4 Nf6 5. Nc3 Be7 6. Be2 O-O 7. O-O Re8 8.
Re1 Bf8 9. Bf1 Nbd7 10. g3 c6 11. Bg2 Ne5 12. h3 Ng6 13. Kh2 Qc7 1/2-1/2

[Event "ch-FRA Blitz Online Qual"]
[Site "Europe-Chess INT"]
[Date "2020.05.16"]
[Round "15"]
[White "Jolly, Jean-Francois"]
[Black "Carvallo, Henri"]
[Result "1-0"]
[WhiteTitle "IM"]
[WhiteElo "2378"]
[BlackElo "2069"]
[WhiteFideId "634751"]
[BlackFideId "619914"]
[EventDate "2020.05.16"]

1. e4 d6 2. d4 Nf6 3. Nc3 e5 4. Nf3 Nbd7 5. Bc4 Be7 6. O-O O-O 7. Re1 a6 8. a4
b6 9. Nd5 c6 10. Nxe7+ Qxe7 11. d5 c5 12. c3 Ne8 13. Bd3 g6 14. b4 Ng7 15. Nd2
f5 16. Nc4 fxe4 17. Bxe4 Rb8 18. g3 Nf6 19. Bg2 Bg4 20. Qd3 Bf5 21. Qd1 Qd7 22.
a5 b5 23. Nb6 Qc7 24. bxc5 Qxc5 25. Ba3 Qc7 26. Rc1 Nfe8 27. c4 Qf7 28. c5 dxc5
29. Bxc5 e4 30. Bxf8 Qxf8 31. Bxe4 Nd6 32. Bxf5 Qxf5 33. Qc2 Qf6 34. Nd7 Qd8 35.
Nxb8 Qxb8 36. Qc7 Qf8 37. Qe7 Ngf5 38. Qxf8+ Kxf8 39. Rc6 Nc4 40. Rxa6 Nd4 41.
Kg2 b4 42. Rb6 b3 43. Rb4 Nc2 44. Rxc4 Nxe1+ 45. Kf1 Nd3 46. Rc8+ Ke7 47. Rb8 b2
48. a6 1-0

[Event "ch-FRA Blitz Online Qual"]
[Site "Europe-Chess INT"]
[Date "2020.05.16"]
[Round "15"]
[White "Bressy, Theo"]
[Black "Navrotescu, Catalin"]
[Result "1-0"]
[WhiteTitle "FM"]
[BlackTitle "IM"]
[WhiteElo "2289"]
[BlackElo "2348"]
[WhiteFideId "26022842"]
[BlackFideId "1200208"]
[EventDate "2020.05.16"]

1. e4 c5 2. Nf3 Nc6 3. Bb5 d6 4. Bxc6+ bxc6 5. O-O e5 6. c3 f5 7. exf5 Nf6 8. d4
cxd4 9. cxd4 e4 10. Nh4 d5 11. Bg5 Be7 12. Qc2 Bd7 13. Nc3 O-O 14. f3 h6 15.
Bxf6 Bxf6 16. Ng6 Bxd4+ 17. Kh1 Rxf5 18. fxe4 Rxf1+ 19. Rxf1 Qg5 20. exd5 Re8
21. Ne2 Qxd5 22. Ngf4 Qb5 23. a4 Qb4 24. Qg6 c5 25. Nd5 Qxb2 26. Nxd4 Qxd4 27.
Qf7+ Kh8 28. Nf4 Qd6 29. Ng6+ Kh7 30. Nf8+ Kh8 31. Nxd7 Re7 32. Qf8+ Kh7 33.
Qf5+ Kg8 34. Nxc5 Rc7 35. Ne4 Qe7 36. Ng3 Rc5 37. Qf3 Re5 38. Qa8+ Kh7 39. Qf3
Re3 40. Qf5+ Kg8 41. Nh5 Re1 42. h3 Qe2 43. Qf7+ Kh7 44. Qxg7# 1-0

[Event "ch-FRA Blitz Online Qual"]
[Site "Europe-Chess INT"]
[Date "2020.05.16"]
[Round "15"]
[White "Testud, Philippe"]
[Black "Bulmaga, Irina"]
[Result "0-1"]
[BlackTitle "IM"]
[WhiteElo "2123"]
[BlackElo "2440"]
[WhiteFideId "611409"]
[BlackFideId "13903063"]
[EventDate "2020.05.16"]

1. d4 Nf6 2. Nf3 e6 3. Bf4 b6 4. e3 Bb7 5. h3 g6 6. Be2 Bg7 7. O-O d6 8. c3 Nbd7
9. Nbd2 O-O 10. a4 a5 11. Bh2 Qe7 12. Re1 Ne4 13. Nxe4 Bxe4 14. Nd2 f5 15. Nxe4
fxe4 16. f3 exf3 17. Bxf3 Rae8 18. e4 e5 19. Qb3+ Kh8 20. Rad1 Qg5 21. Kh1 Re7
22. Rf1 Ref7 23. Qb5 Qe7 24. Bg4 Rxf1+ 25. Rxf1 Rxf1+ 26. Qxf1 Nf6 27. dxe5 dxe5
28. Bf3 Nd7 29. Qc4 Nc5 30. b4 axb4 31. cxb4 Nxa4 32. Qc6 b5 33. Qa8+ Qf8 34.
Qxf8+ Bxf8 35. Bxe5+ Kg8 36. Bxc7 Bxb4 37. Be2 Nc3 38. Bd3 Bc5 39. Be5 b4 40. g4
Nd1 41. Bc4+ Kf8 42. Bf4 Nf2+ 43. Kg2 Nxe4 44. Bh6+ Ke7 45. Kf3 Nd6 46. Bb3 Nb5
47. Bg5+ Kd6 48. Ke4 Nd4 49. Bf4+ Kc6 50. Ba4+ Kb6 51. Be3 Ne6 52. Bd2 Nd4 53.
Kd5 Nb5 54. Bb3 Nd6 55. Bf4 Nb7 56. Ke4 Bd6 57. Be3+ Bc5 58. h4 Bxe3 59. Kxe3
Nc5 60. Bg8 h6 61. Kd2 g5 62. hxg5 hxg5 63. Kc2 Kc6 64. Kb2 Kd6 65. Kc2 Ke5 66.
Kd2 Kf4 67. Bc4 Kxg4 68. Ke3 b3 69. Kd4 b2 0-1

[Event "ch-FRA Blitz Online Qual"]
[Site "Europe-Chess INT"]
[Date "2020.05.16"]
[Round "15"]
[White "Degraeve, Remy"]
[Black "Schweitzer, Adrien"]
[Result "1/2-1/2"]
[WhiteTitle "FM"]
[WhiteElo "2328"]
[BlackElo "2086"]
[WhiteFideId "26024560"]
[BlackFideId "628220"]
[EventDate "2020.05.16"]

1. d4 d5 2. c4 e6 3. Nc3 Nf6 4. cxd5 Nxd5 5. e4 Nxc3 6. bxc3 Be7 7. Nf3 c5 8.
Bd3 cxd4 9. cxd4 Nc6 10. O-O O-O 11. d5 Nb4 12. Bc4 exd5 13. exd5 Bf6 14. Rb1
Na6 15. Ba3 Re8 16. d6 b6 17. Qd5 Be6 18. Qd3 Nc5 19. Bxc5 bxc5 20. Rfd1 Bg4 21.
Rb7 Be6 22. Bxe6 Rxe6 23. d7 Qe7 24. Rxa7 Rd8 25. a4 Bd4 26. g3 Rxd7 27. Rxd7
Qxd7 28. Nxd4 Rd6 29. Rb1 g6 30. Rb8+ Kg7 31. Nf5+ gxf5 32. Qc3+ Rd4 33. Qxc5
Rxa4 34. Qe5+ f6 35. Qc3 Ra7 36. Rb6 Qd1+ 37. Kg2 Qd5+ 38. Kh3 Rf7 39. Qe3 Qe4
40. Qxe4 fxe4 41. Kg4 Kg6 42. Kf4 Re7 43. Rb4 f5 44. Rb6+ Kg7 45. Kxf5 Rf7+ 46.
Kxe4 Rxf2 47. h4 Rf1 48. Rb3 Kg6 49. Rf3 Re1+ 50. Kf4 h5 51. Rf2 Ra1 52. Re2 Kf6
53. Re3 Ra4+ 54. Kf3 Ra1 55. Rb3 Rf1+ 56. Kg2 Rc1 57. Rb5 Kg6 58. Rg5+ Kh6 59.
Kf3 Rc3+ 60. Kf4 Rc4+ 61. Ke5 Rc5+ 62. Kf6 Rc6+ 63. Ke7 Ra6 64. Rd5 Ra7+ 65. Rd7
Ra3 66. Rd6+ Kh7 67. Kf6 Rxg3 68. Rd5 Kh6 69. Rd8 Kh7 70. Rd7+ Kh6 71. Rd5 Rg4
72. Rd8 Kh7 73. Rd7+ Kh6 74. Rd8 Kh7 75. Rd7+ Kh6 76. Rd8 1/2-1/2

[Event "ch-FRA Blitz Online Qual"]
[Site "Europe-Chess INT"]
[Date "2020.05.16"]
[Round "15"]
[White "Shirazi, Kamran"]
[Black "Ribiere, Damien"]
[Result "1-0"]
[WhiteTitle "IM"]
[WhiteElo "2355"]
[BlackElo "2083"]
[WhiteFideId "2000733"]
[BlackFideId "26041634"]
[EventDate "2020.05.16"]

1. e4 d6 2. Nc3 Nf6 3. f4 g6 4. e5 dxe5 5. fxe5 Nd5 6. Qf3 c6 7. Bc4 Be6 8. Nh3
h6 9. O-O Bg7 10. d4 O-O 11. Bb3 Qd7 12. Nxd5 Bxd5 13. Qf2 a5 14. Nf4 e6 15. c4
Be4 16. Re1 Bf5 17. h3 a4 18. Bd1 g5 19. Nh5 Qe7 20. g4 Bg6 21. Nf6+ Bxf6 22.
exf6 Qd6 23. c5 Qd8 24. h4 gxh4 25. Bxh6 Re8 26. Bg7 Nd7 27. Qxh4 Bh7 28. Bc2
Nxf6 29. Bxf6 Qxf6 30. Qxf6 Bxc2 31. Re2 Bh7 32. Rf1 Rad8 33. Qxf7+ Kh8 34. Rh2 1-0

[Event "ch-FRA Blitz Online Qual"]
[Site "Europe-Chess INT"]
[Date "2020.05.16"]
[Round "15"]
[White "Soubirou, Oriane"]
[Black "Kirk, Ezra"]
[Result "0-1"]
[BlackTitle "IM"]
[WhiteElo "2144"]
[BlackElo "2447"]
[WhiteFideId "686034"]
[BlackFideId "600067"]
[EventDate "2020.05.16"]

1. e4 e6 2. Nf3 d5 3. e5 c5 4. b4 d4 5. bxc5 Nc6 6. c3 Bxc5 7. Bd3 Nge7 8. O-O
Ng6 9. Re1 O-O 10. Ba3 Qe7 11. Bxc5 Qxc5 12. Bxg6 hxg6 13. cxd4 Nxd4 14. Nc3
Nxf3+ 15. Qxf3 Bd7 16. Qh3 Bc6 17. Qh4 Rad8 18. Rac1 Qd4 19. Qg5 Qxd2 20. Qh4
Rd4 21. Qh3 Qg5 22. g3 Rfd8 23. Ne2 Re4 24. f4 Qe7 25. Qf1 Qa3 26. Qf2 Rd2 27.
h4 Rexe2 0-1

[Event "ch-FRA Blitz Online Qual"]
[Site "Europe-Chess INT"]
[Date "2020.05.16"]
[Round "15"]
[White "Milliet, Sophie"]
[Black "Morais, Mario"]
[Result "1-0"]
[WhiteTitle "IM"]
[WhiteElo "2401"]
[BlackElo "2061"]
[WhiteFideId "623725"]
[BlackFideId "614270"]
[EventDate "2020.05.16"]

1. e4 c5 2. Nf3 e6 3. g3 a6 4. Bg2 b5 5. d4 cxd4 6. Nxd4 Bb7 7. O-O Qc7 8. a4 b4
9. c3 bxc3 10. Nxc3 d6 11. Re1 Nd7 12. Bf4 e5 13. Nd5 Qb8 14. Rc1 Bxd5 15. exd5
Be7 16. Nc6 Qxb2 17. Rb1 Qa3 18. Bc1 Qa2 19. Rb2 Qa1 20. Qc2 Nc5 21. Ra2 1-0

[Event "ch-FRA Blitz Online Qual"]
[Site "Europe-Chess INT"]
[Date "2020.05.16"]
[Round "15"]
[White "Djidjeli, Sofiane"]
[Black "Daulyte-Cornette, Deimante"]
[Result "0-1"]
[BlackTitle "IM"]
[WhiteElo "2209"]
[BlackElo "2400"]
[WhiteFideId "36067520"]
[BlackFideId "12802859"]
[EventDate "2020.05.16"]

1. e4 Nf6 2. e5 Nd5 3. d4 d6 4. Nf3 dxe5 5. Nxe5 c6 6. c4 Nb4 7. Be3 Bf5 8. Na3
Nd7 9. Nf3 e5 10. dxe5 Qa5 11. Bd2 Nxe5 12. Bc3 Rd8 13. Qb3 Nxf3+ 14. gxf3 Bc5
15. Rg1 Bg6 16. Rd1 O-O 17. Rxd8 Rxd8 18. Be2 Re8 19. Kf1 Qb6 20. h3 a5 21. h4
h5 22. f4 Bxf2 23. Rg2 Bxh4 24. Bxh5 Bd3+ 25. Be2 Rxe2 26. Rxe2 Qf2# 0-1